• 首页
  • 本馆介绍
  • 公告通知
  • 最新文献
  • 馆藏检索
  • 电子资源
  • 读者导购
  • 参考咨询
  • 我的图书馆
  • 登录
  • 详细信息显示
  • 放入我的书架
  • 预约/预借图书
  • 作者相关作品
  • 分类相关作品
  • 丛书相关作品
  • 出版社相关作品

书目信息

  • 表格格式
  • 工作单格式
  • 卡片格式
题名:
数据驱动的技术基础
    
 
作者: 荆永君 , 姚朋军 , 李昕 主编 ;郭少华 , 姜雪 , 张鑫 编
分册:   Excel的数据分析
出版信息: 北京   电子工业出版社  2020.07
页数: 11, 99页
开本: 26cm
丛书名:
单 册:
中图分类: TP274 , TP391.13
科图分类:
主题词: 数据处理--shu ju chu li--中小学--师资培训--教材 , 表处理软件--biao chu li ruan jian--中小学--师资培训--教材
电子资源:
ISBN: 978-7-121-39153-8
000 01763nam0 2200349 450
001 0109110154
005 20201109110337.0
010    @a978-7-121-39153-8@dCNY35.00
100    @a20200911d2020 em y0chiy50 ea
101 0  @achi
102    @aCN@b110000
105    @aak az 000yy
106    @ar
200 1  @a数据驱动的技术基础@Ashu ju qu dong de ji shu ji chu@iExcel的数据分析@f荆永君, 姚朋军, 李昕主编@g郭少华,姜雪,张鑫编
210    @a北京@c电子工业出版社@d2020.07
215    @a11, 99页@c图@d26cm
300    @a中小学教育大数据分析师系列培训教材数据驱动的智慧教育
320    @a有书目
330    @a《中小学教育大数据分析师系列培训教材》共有5个品种:教育大数据、数据分析、数据驱动的智能学校、数据驱动的智能课堂、数据研究。《中小学教育大数据分析师系列培训教材》是由、任友群教授、黄荣怀教授作序,由首都师范大学教授方海光邀请北师大、华中师大、华南师大、内蒙师大、陕西师大等各大师范院校教授以及海淀区教师进修学校主任和国家开放大学、北京教科院等院校专家一起编写的成体系的、完整而全面的大数据分析师培训教材。本选题为数据分析,全4册,包括数据技术基础应用、常见的教育数据处理方法、数据可视化方法以及Excel的数据分析。通过讲解具体的数据分析方法,切实提高一线教师数据分析的能力,帮助教师全方位地了解学生,从而进行精准教学。
517 1  @aExcel的数据分析@AExcel de shu ju fen xi
606 0  @a数据处理@Ashu ju chu li@x中小学@x师资培训@j教材
606 0  @a表处理软件@Abiao chu li ruan jian@x中小学@x师资培训@j教材
690    @aTP274@v5
690    @aTP391.13@v5
701  0 @a荆永君@Ajing yong jun@4主编
701  0 @a姚朋军@Ayao peng jun@4主编
701  0 @a李昕@Ali xin@4主编
702  0 @a郭少华@Aguo shao hua@4编
702  0 @a姜雪@Ajiang xue@4编
702  0 @a张鑫@Azhang xin@4编
801  0 @aCN@bBJSZM@c20201103
905    @b1240057-9@dTP274@e442@f3
    
    数据驱动的技术基础.Excel的数据分析/荆永君, 姚朋军, 李昕主编/郭少华,姜雪,张鑫编.-北京:电子工业出版社,2020.07
    11, 99页:图;26cm
    中小学教育大数据分析师系列培训教材数据驱动的智慧教育
    
    ISBN 978-7-121-39153-8:CNY35.00
    《中小学教育大数据分析师系列培训教材》共有5个品种:教育大数据、数据分析、数据驱动的智能学校、数据驱动的智能课堂、数据研究。《中小学教育大数据分析师系列培训教材》是由、任友群教授、黄荣怀教授作序,由首都师范大学教授方海光邀请北师大、华中师大、华南师大、内蒙师大、陕西师大等各大师范院校教授以及海淀区教师进修学校主任和国家开放大学、北京教科院等院校专家一起编写的成体系的、完整而全面的大数据分析师培训教材。本选题为数据分析,全4册,包括数据技术基础应用、常见的教育数据处理方法、数据可视化方法以及Excel的数据分析。通过讲解具体的数据分析方法,切实提高一线教师数据分析的能力,帮助教师全方位地了解学生,从而进行精准教学。
●
相关链接 在E读中查询图书 在五车中查询图书 在当当中查询图书 在豆瓣中查询图书


正题名:数据驱动的技术基础     索取号:TP274/442         预约/预借

序号 登录号 条形码 馆藏地/架位号 状态 备注
1 1240057   212400579   第二样本阅览室/ [索取号:TP274/442] 在馆    
2 1240058   212400588   第三借阅区/ [索取号:TP274/442] 在馆    
3 1240059   212400597   第三借阅区/ [索取号:TP274/442] 在馆    
唐山师范学院图书馆 欢迎您!
大连网信软件有限公司© 版权所有